[Event "Wattens op 14th"]
[Site "Wattens"]
[Date "1999.??.??"]
[Round "9"]
[White "Haspinger, Hans Peter"]
[Black "Haslinger, Erich"]
[Result "0-1"]
[WhiteElo "1695"]
[BlackElo "1935"]
[PlyCount "74"]
[EventDate "1999.??.??"]
[EventType "swiss"]
[EventRounds "9"]
[EventCountry "AUT"]
[SourceTitle "EXT 2001"]
[Source "ChessBase"]
[SourceDate "2000.11.22"]
[SourceVersion "1"]
[SourceVersionDate "2000.11.22"]
[SourceQuality "1"]

1. e4 e5 2. Nf3 Nc6 3. Bc4 Bc5 4. c3 Nf6 5. d4 exd4 6. cxd4 Bb4+ 7. Nc3 Bxc3+ 8. bxc3 d5 9. exd5 Nxd5 10. 0-0 0-0 11. Bb3 h6 12. Qd3 Nce7 13. Ne5 Bf5 14. Qf3 c6 15. Qh5 Qd6 16. c4 Nf6 17. Qh4 Ng6 18. Nxg6 Bxg6 19. c5 Qd7 20. Bxh6 Rae8 21. Qg3 Kh7 22. Be3 Re4 23. Bc2 Rg4 24. Qh3+ Kg8 25. f3 Bxc2 26. fxg4 Re8 27. Rae1 Nxg4 28. Rf4 Bf5 29. Bd2 Rxe1+ 30. Bxe1 Qe6 31. Bc3 Ne3 32. Qf3 Bg6 33. Rh4 Nf5 34. Rf4 Qxa2 35. Rxf5 Qb1+ 36. Kf2 Bxf5 37. d5 cxd5 0-1

[Event "Wattens op 14th"]
[Site "Wattens"]
[Date "1999.??.??"]
[Round "1"]
[White "Haspinger, Hans Peter"]
[Black "Pilz, Dieter"]
[Result "0-1"]
[WhiteElo "1695"]
[BlackElo "2265"]
[PlyCount "58"]
[EventDate "1999.??.??"]
[EventType "swiss"]
[EventRounds "9"]
[EventCountry "AUT"]
[SourceTitle "EXT 2001"]
[Source "ChessBase"]
[SourceDate "2000.11.22"]
[SourceVersion "1"]
[SourceVersionDate "2000.11.22"]
[SourceQuality "1"]

1. e4 e5 2. Nf3 Nc6 3. Bc4 Nf6 4. d3 Bc5 5. Bg5 h6 6. Bh4 d6 7. Nc3 Be6 8. Bb3 a6 9. 0-0 g5 10. Nxg5 hxg5 11. Bxg5 Nd4 12. Nd5 Bxd5 13. exd5 Rg8 14. h4 Qe7 15. c3 Nxb3 16. axb3 Rxg5 17. hxg5 Nd7 18. d4 Bb6 19. Qg4 0-0-0 20. Rae1 Kb8 21. c4 Re8 22. b4 Bxd4 23. Rd1 Rg8 24. Rfe1 Qxg5 25. Qh3 Nf6 26. Rd3 Ng4 27. Rf3 f5 28. Qh7 Nxf2 29. Rxf2 Qxg2# 0-1